000 00915cam a22003017a 4500
003 CHAP
005 20220817041352.0
008 971013s1953 r 00010 d
010 _a12436
011 _a13408
035 _a17479
040 _cCHAP
090 _aFolleto 5335
100 0 0 _aCarrión, Pascual.
_919566
245 1 3 _aLa replantación del viñedo con vides americanas
260 _aMadrid :
_bMinisterio de Agricultura,
_c1953
300 _a16 p.
_b: ilus.
490 0 _aHojas divulgadoras
_v; 5-53
590 _aBATCH-UPD
_b10
_c20130110
_lUCH01
_h2124
590 _aBATCH-UPD
_b10
_c20130410
_lUCH01
_h1434
590 _aBATCH-UPD
_b10
_c20130914
_lUCH01
_h1902
590 _aCONVERSION
_b10
_c20130109
_lUCH01
_h1308
650 1 4 _aVid
_xPropagación.
_9119135
830 0 _aHojas divulgadoras
_v; 5-53
901 _aBK
942 _cFOLL
949 _aFolleto 5335
_bBC
_cFOLL
_d-41235
_eTS1
_i17479
_mD
_si
999 _c12436
_d12436